Tennisti con più Titoli ATP Indoor - Statistics

Statistiche generali
  • Questo quiz è stato fatto 28 volte
  • Il punteggio medio è 6 su 9
Statistiche sulle risposte
Nazione Titoli ATP outdoor Tennista % Corretto
Svizzera 26 Roger Federer
100%
Svezia 24 Björn Borg
92%
Cecoslovacchia / Stati Uniti 42 Ivan Lendl
88%
Stati Uniti 23 Pete Sampras
88%
Stati Uniti 53 Jimmy Connors
81%
Germania Ovest / Germania 30 Boris Becker
77%
Stati Uniti 52 John McEnroe
73%
Stati Uniti 20 Arthur Ashe
12%
Stati Uniti 21 Stan Smith
12%
Nessun quiz corrispondente trovato
Distribuzione punteggi
Percentuale di utenti per punteggio
Percentile per numero di risposta
I tuoi punteggi nel tempo
Non hai fatto questo quiz